Super Smash Bros. Ultimate Characters by Number - Statistics

General Stats
  • This quiz has been taken 190 times
    82 since last reset
  • The average score is 67 of 89
Answer Stats
Number Character % Correct
1 Mario
98%
6 Kirby
96%
2 Donkey Kong
94%
9 Luigi
94%
4 Samus
94%
4E Dark Samus
91%
3 Link
91%
8 Pikachu
91%
14 Bowser
89%
10 Ness
89%
13 Peach
89%
13E Daisy
87%
7 Fox
87%
12 Jigglypuff
87%
11 Captain Falcon
85%
20 Falco
85%
5 Yoshi
85%
17 Zelda
85%
23 Ganondorf
83%
28 Pit
83%
42 R.O.B.
83%
58 Bowser Jr.
81%
35 Charizard
81%
34 Ivysaur
81%
27 Meta Knight
81%
19 Pichu
81%
33 Squirtle
81%
77 Steve
81%
28E Dark Pit
79%
71 Joker
79%
39 King Dedede
79%
37 Lucas
79%
21E Lucina
79%
21 Marth
79%
22 Young Link
79%
69 Incineroar
77%
24 Mewtwo
77%
26 Mr. Game and Watch
77%
82 Sora
77%
30 Wario
77%
68 Isabelle
74%
41 Lucario
74%
76 Min Min
74%
79 Pyra
74%
25 Roy
74%
16 Sheik
74%
43 Toon Link
74%
45 Villager
74%
36 Diddy Kong
72%
32 Ike
72%
80 Mythra
72%
65 Ridley
72%
56 Robin
72%
60 Ryu
72%
74 Terry
72%
44 Wolf
72%
73 Banjo & Kazooie
70%
75 Byleth
70%
62 Corrin
70%
72 Hero
70%
81 Kazuya
70%
60E Ken
70%
70 Piranha Plant
70%
29 Zero Suit Samus
70%
54 Palutena
68%
48 Rosalina and Luma
68%
25E Chrom
66%
61 Cloud
66%
18 Dr. Mario
66%
50 Greninja
66%
15 Ice Climbers
66%
67 King K. Rool
66%
78 Sephiroth
66%
38 Sonic
66%
66E Richter
64%
66 Simon
64%
31 Snake
64%
63 Bayonetta
62%
59 Duck Hunt
62%
40 Olimar+Alph
62%
55 Pac-Man
62%
49 Little Mac
60%
46 Mega Man
57%
51 Mii Brawler
57%
53 Mii Gunner
57%
52 Mii Swordfighter
57%
47 Wii Fit Trainer
55%
64 Inkling
53%
57 Shulk
49%
No matching quizzes found
Score Distribution
Percent of People with Each Score
Percentile by Number Answered
Your Score History
You have not taken this quiz since the last reset